「げ」で終わる市町村 - Statistics

General Stats
  • This quiz has been taken 168 times
  • The average score is 3 of 6
Answer Stats
都道府県 市町村 % Correct
福島県 会津坂下町
82%
山梨県 小菅村
65%
福岡県 上毛町
52%
徳島県 松茂町
50%
宮崎県 日之影町
48%
岡山県 矢掛町
35%
No matching quizzes found
Score Distribution
Percent of People with Each Score
Percentile by Number Answered
Your Score History
You have not taken this quiz